| 000 | 00923naa a22002657u 4500 | ||
|---|---|---|---|
| 001 | 07070 | ||
| 003 | HDC | ||
| 007 | cr bn ---aaaaa | ||
| 008 | 210126s2009 flu b eng d | ||
| 040 | _aHDC | ||
| 100 |
_aTrichopoulos, Dimitrios, _eauthor _97561 |
||
| 245 | 0 |
_aOLIVE OIL: Minor Constituents and Health : _bTraditional Mediterranean Diet and Health / _cby Dimitrios Trichopoulos and Antonia Trichopoulou |
|
| 260 |
_aBoca Raton : _bCRC Press, _c2009 |
||
| 300 | _a3 pages | ||
| 336 |
_atext _2rdacontent |
||
| 337 |
_acomputer _2rdamedia |
||
| 338 |
_aonline resource _2rdacarrier |
||
| 500 | _aOriginal from book | ||
| 650 |
_aHealth _94234 |
||
| 650 |
_aOlive oil _97560 |
||
| 856 | _zRequest full-text at [email protected] | ||
| 942 | _2lcc | ||
| 942 | _cCHAP | ||
| 942 | _kEBCH 000465 | ||
| 999 |
_c4394 _d4394 |
||